000 00654nam a22002417a 4500
003 UA-OsUOA
001 122010
007 ta
008 20170410b un ||||| |||| 00| 0 ukr d
100 _aНаумов Е.
090 _a821.161.1
_bН34
942 _cBK
040 _aUA-OsUOA
_brus
_cUA-OsUOA
_dUA-OsUOA
245 _aСмеющийся пеликен
_bсеверная сказка
300 _a168 с.
955 _a3
041 _arus
080 _a821.161.1
591 _aДімаров А.
260 _aМагадан
_bМКИ
_c1986
650 7 _a82 Література. Літературознавство
_2UDC
999 _c407977
_d407977